Systems of national accounts in Africa (Record no. 500639)

000 -LEADER
fixed length control field 00368cam a22001217a 4500
008 - FIXED-LENGTH DATA ELEMENTS--GENERAL INFORMATION
fixed length control field 180718b1960 xxu||||| |||| 00| 0 eng d
082 ## - DEWEY DECIMAL CLASSIFICATION NUMBER
Classification number L8x6 Or3
100 ## - MAIN ENTRY--PERSONAL NAME
Personal name Ady, P.
245 ## - TITLE STATEMENT
Title Systems of national accounts in Africa
Statement of responsibility, etc. by P.Ady and M. Courcier
260 ## - PUBLICATION, DISTRIBUTION, ETC.
Place of publication, distribution, etc. Paris
Name of publisher, distributor, etc. Organisation For European Economic Co-Operation
Date of publication, distribution, etc. 1960
300 ## - PHYSICAL DESCRIPTION
Extent 232+p.
700 ## - ADDED ENTRY--PERSONAL NAME
Personal name Courcier, M.
Holdings
Withdrawn status Lost status Damaged status Not for loan Permanent Location Current Location Date acquired Full call number Barcode Date last seen Price effective from Koha item type
        Indian Institute of Public Administration Indian Institute of Public Administration 2018-08-04 L8x6 Or3 G4527 2018-08-04 2018-08-04 G

Powered by Koha